[Event "17th International Chess Festival"]
[Site "Rochefort"]
[Date "2018.02.17"]
[Round "4.2"]
[White "Castellanos Rodrigue, Renier"]
[Black "Sumets, Andrey"]
[Result "1/2-1/2"]
[BlackElo "2569"]
[WhiteElo "2501"]
[LiveChessVersion "1.4.8"]

1. d4 {[%clk 1:30:57]} d5 {[%clk 1:19:06]} 2. Nf3 {[%clk 1:31:11]} Nf6
{[%clk 1:19:09]} 3. c4 {[%clk 1:31:30]} e6 {[%clk 1:18:36]} 4. g3
{[%clk 1:31:31]} Bb4+ {[%clk 1:15:10]} 5. Bd2 {[%clk 1:31:36]} Be7
{[%clk 1:15:20]} 6. Bg2 {[%clk 1:31:57]} O-O {[%clk 1:15:17]} 7. O-O
{[%clk 1:31:45]} c6 {[%clk 1:15:40]} 8. Qc2 {[%clk 1:30:52]} Nbd7
{[%clk 1:15:12]} 9. a4 {[%clk 1:27:31]} a5 {[%clk 1:11:54]} 10. Rc1
{[%clk 1:26:49]} Ne4 {[%clk 1:10:58]} 11. Be1 {[%clk 1:25:36]} Bd6
{[%clk 1:06:32]} 12. Nc3 {[%clk 1:17:34]} f5 {[%clk 1:06:05]} 13. e3
{[%clk 1:17:33]} Qe7 {[%clk 1:04:47]} 14. Ne2 {[%clk 1:12:27]} g5
{[%clk 1:03:11]} 15. Nd2 {[%clk 1:11:25]} Nxd2 {[%clk 0:53:45]} 16. Bxd2
{[%clk 1:10:56]} Nf6 {[%clk 0:53:55]} 17. Rab1 {[%clk 0:55:57]} Bd7
{[%clk 0:38:19]} 18. cxd5 {[%clk 0:33:17]} exd5 {[%clk 0:38:01]} 19. b4
{[%clk 0:32:16]} axb4 {[%clk 0:36:32]} 20. Qb3 {[%clk 0:31:48]} Ne4
{[%clk 0:30:45]} 21. Bxb4 {[%clk 0:31:28]} Bxb4 {[%clk 0:31:11]} 22. Qxb4
{[%clk 0:31:48]} Qxb4 {[%clk 0:31:37]} 23. Rxb4 {[%clk 0:32:10]} Nd6
{[%clk 0:32:02]} 24. Rcb1 {[%clk 0:20:23]} Ra7 {[%clk 0:31:44]} 25. Bh3
{[%clk 0:18:58]} Rfa8 {[%clk 0:24:46]} 26. Nc3 {[%clk 0:19:11]} Kf8
{[%clk 0:22:34]} 27. Bf1 {[%clk 0:15:56]} Ke7 {[%clk 0:21:31]} 1/2-1/2

[Event "17th International Chess Festival"]
[Site "Rochefort"]
[Date "2018.02.17"]
[Round "4.3"]
[White "Maiorov, Nikita"]
[Black "Rakotomaharo, Fy Antenaina"]
[Result "1-0"]
[BlackElo "2410"]
[WhiteElo "2547"]
[LiveChessVersion "1.4.8"]

1. d4 {[%clk 1:21:16]} Nf6 {[%clk 1:30:42]} 2. c4 {[%clk 1:21:14]} g6
{[%clk 1:30:30]} 3. Nc3 {[%clk 1:21:35]} d5 {[%clk 1:26:59]} 4. Nf3
{[%clk 1:21:57]} Bg7 {[%clk 1:27:24]} 5. Bg5 {[%clk 1:22:22]} Ne4
{[%clk 1:12:53]} 6. Bf4 {[%clk 1:22:48]} c6 {[%clk 1:12:49]} 7. e3
{[%clk 1:22:22]} O-O {[%clk 1:10:29]} 8. Be2 {[%clk 1:14:41]} Qa5
{[%clk 0:57:07]} 9. Qb3 {[%clk 1:13:47]} dxc4 {[%clk 0:57:07]} 10. Bxc4
{[%clk 1:13:36]} Nd6 {[%clk 0:57:18]} 11. Bd3 {[%clk 1:10:14]} Be6
{[%clk 0:54:14]} 12. Qa4 {[%clk 1:06:57]} Qxa4 {[%clk 0:45:56]} 13. Nxa4
{[%clk 1:06:30]} Bd5 {[%clk 0:46:21]} 14. Nc3 {[%clk 1:02:09]} Bxf3
{[%clk 0:45:20]} 15. gxf3 {[%clk 1:02:36]} Nd7 {[%clk 0:39:04]} 16. Ke2
{[%clk 1:02:38]} Rfe8 {[%clk 0:38:10]} 17. Bg3 {[%clk 1:00:24]} Rad8
{[%clk 0:35:23]} 18. Rhd1 {[%clk 0:56:42]} e5 {[%clk 0:26:41]} 19. d5
{[%clk 0:56:20]} Nc5 {[%clk 0:26:33]} 20. dxc6 {[%clk 0:39:00]} bxc6
{[%clk 0:26:40]} 21. Rac1 {[%clk 0:34:56]} Nxd3 {[%clk 0:14:52]} 22. Rxd3
{[%clk 0:35:23]} Nf5 {[%clk 0:15:18]} 23. Rxd8 {[%clk 0:34:29]} Rxd8
{[%clk 0:15:47]} 24. Na4 {[%clk 0:33:20]} h5 {[%clk 0:14:56]} 25. h3
{[%clk 0:33:38]} Ne7 {[%clk 0:05:09]} 26. f4 {[%clk 0:32:51]} exf4
{[%clk 0:04:55]} 27. Bxf4 {[%clk 0:33:12]} Rd5 {[%clk 0:03:52]} 28. b3
{[%clk 0:32:53]} Be5 {[%clk 0:01:36]} 29. Bxe5 {[%clk 0:30:37]} Rxe5
{[%clk 0:02:04]} 30. Nc5 {[%clk 0:31:00]} Kg7 {[%clk 0:01:03]} 31. e4
{[%clk 0:27:52]} g5 {[%clk 0:01:03]} 32. f3 {[%clk 0:25:45]} Ng6 {[%clk 0:00:34]}
33. Nd3 {[%clk 0:25:27]} Ra5 {[%clk 0:00:51]} 34. a4 {[%clk 0:25:36]} Ne7
{[%clk 0:00:37]} 35. Nc5 {[%clk 0:24:49]} 1-0

[Event "17th International Chess Festival"]
[Site "Rochefort"]
[Date "2018.02.17"]
[Round "4.4"]
[White "Enchev, Ivajlo"]
[Black "Nikolov, Momchil"]
[Result "1/2-1/2"]
[BlackElo "2545"]
[WhiteElo "2492"]
[LiveChessVersion "1.4.8"]

1. d4 {[%clk 1:29:20]} Nf6 {[%clk 1:28:34]} 2. c4 {[%clk 1:29:42]} g6
{[%clk 1:28:48]} 3. Nc3 {[%clk 1:30:00]} d5 {[%clk 1:29:08]} 4. cxd5
{[%clk 1:30:15]} Nxd5 {[%clk 1:29:32]} 5. e4 {[%clk 1:30:28]} Nxc3
{[%clk 1:29:54]} 6. bxc3 {[%clk 1:30:53]} Bg7 {[%clk 1:30:14]} 7. Qa4+
{[%clk 1:30:57]} Nd7 {[%clk 1:30:33]} 8. Nf3 {[%clk 1:31:20]} O-O
{[%clk 1:30:53]} 9. Be3 {[%clk 1:31:18]} c5 {[%clk 1:31:10]} 10. Rc1
{[%clk 1:31:21]} Nb6 {[%clk 1:31:26]} 11. Qd1 {[%clk 1:31:41]} Bg4
{[%clk 1:31:40]} 12. Be2 {[%clk 1:31:14]} Bxf3 {[%clk 1:31:13]} 13. gxf3
{[%clk 1:31:10]} cxd4 {[%clk 1:31:26]} 14. cxd4 {[%clk 1:31:36]} Qd7
{[%clk 1:31:48]} 15. O-O {[%clk 1:31:37]} Rac8 {[%clk 1:31:53]} 16. Qd2
{[%clk 1:31:57]} Rfd8 {[%clk 1:31:54]} 17. Rfd1 {[%clk 1:32:15]} Rxc1
{[%clk 1:31:01]} 18. Qxc1 {[%clk 1:32:38]} Rc8 {[%clk 1:31:26]} 19. Qa3
{[%clk 1:32:34]} 1/2-1/2

[Event "17th International Chess Festival"]
[Site "Rochefort"]
[Date "2018.02.17"]
[Round "4.5"]
[White "Shyam, Sundar M."]
[Black "Kulkarni, Rakesh"]
[Result "1/2-1/2"]
[BlackElo "2332"]
[WhiteElo "2521"]
[LiveChessVersion "1.4.8"]

1. e4 {[%clk 1:30:57]} c5 {[%clk 1:28:51]} 2. Nf3 {[%clk 1:31:23]} e6
{[%clk 1:28:57]} 3. d4 {[%clk 1:31:47]} cxd4 {[%clk 1:29:20]} 4. Nxd4
{[%clk 1:32:13]} a6 {[%clk 1:29:46]} 5. c4 {[%clk 1:32:39]} Nf6 {[%clk 1:29:59]}
6. Nc3 {[%clk 1:32:54]} Bb4 {[%clk 1:29:44]} 7. Qd3 {[%clk 1:33:18]} d5
{[%clk 1:29:38]} 8. exd5 {[%clk 1:33:23]} exd5 {[%clk 1:29:57]} 9. Be2
{[%clk 1:33:51]} O-O {[%clk 1:29:33]} 10. O-O {[%clk 1:31:21]} Nc6
{[%clk 1:29:58]} 11. cxd5 {[%clk 1:31:29]} Nxd5 {[%clk 1:30:17]} 12. Nxc6
{[%clk 1:31:55]} bxc6 {[%clk 1:30:38]} 13. Nxd5 {[%clk 1:32:23]} cxd5
{[%clk 1:30:56]} 14. Be3 {[%clk 1:29:44]} Be6 {[%clk 1:28:45]} 15. Rfd1
{[%clk 1:24:27]} Be7 {[%clk 1:10:50]} 16. Rac1 {[%clk 1:15:42]} Bf6
{[%clk 1:02:29]} 17. Bd4 {[%clk 1:11:38]} Bxd4 {[%clk 1:00:32]} 18. Qxd4
{[%clk 1:11:31]} Qa5 {[%clk 1:00:56]} 19. Rc3 {[%clk 1:09:48]} Rfc8
{[%clk 0:54:40]} 20. Ra3 {[%clk 1:05:48]} Qc5 {[%clk 0:52:35]} 21. Qxc5
{[%clk 1:05:05]} Rxc5 {[%clk 0:53:02]} 22. Bxa6 {[%clk 0:50:08]} Rc6
{[%clk 0:39:09]} 23. Bb5 {[%clk 0:39:50]} Rxa3 {[%clk 0:38:56]} 24. bxa3
{[%clk 0:40:15]} Rc3 {[%clk 0:28:31]} 25. a4 {[%clk 0:40:38]} Ra3
{[%clk 0:28:58]} 26. Bc4 {[%clk 0:30:39]} Rxa4 {[%clk 0:19:35]} 27. Bxd5
{[%clk 0:30:59]} Bxd5 {[%clk 0:19:54]} 28. Rxd5 {[%clk 0:31:27]} f5
{[%clk 0:19:48]} 29. Rd2 {[%clk 0:31:46]} g5 {[%clk 0:19:45]} 30. Kf1
{[%clk 0:31:49]} Kf7 {[%clk 0:18:42]} 31. Ke2 {[%clk 0:31:46]} Rh4
{[%clk 0:17:13]} 32. h3 {[%clk 0:31:18]} g4 {[%clk 0:17:19]} 33. g3
{[%clk 0:14:18]} Rxh3 {[%clk 0:17:16]} 34. Ke3 {[%clk 0:14:43]} Rh6
{[%clk 0:12:00]} 35. Rd7+ {[%clk 0:13:21]} Ke6 {[%clk 0:10:42]} 36. Ra7
{[%clk 0:13:44]} Rh2 {[%clk 0:10:55]} 37. a4 {[%clk 0:13:40]} h5 {[%clk 0:10:21]}
38. a5 {[%clk 0:06:27]} h4 {[%clk 0:10:47]} 39. a6 {[%clk 0:05:16]} hxg3
{[%clk 0:06:55]} 40. fxg3 {[%clk 0:05:44]} Ra2 {[%clk 0:03:36]} 41. Ra8
{[%clk 0:02:28]} Kf6 {[%clk 0:02:58]} 42. a7 {[%clk 0:00:32]} Kg7
{[%clk 0:03:13]} 43. Kf4 {[%clk 0:00:31]} Ra5 {[%clk 0:03:11]} 44. Kg5
{[%clk 0:00:39]} Kh7 {[%clk 0:02:23]} 45. Rf8 {[%clk 0:29:09]} Rxa7
{[%clk 0:32:12]} 46. Rxf5 {[%clk 0:29:35]} Ra4 {[%clk 0:31:04]} 1/2-1/2

[Event "17th International Chess Festival"]
[Site "Rochefort"]
[Date "2018.02.17"]
[Round "5.1"]
[White "Dimitrov, Radoslav"]
[Black "Maiorov, Nikita"]
[Result "1-0"]
[BlackElo "2547"]
[WhiteElo "2478"]
[LiveChessVersion "1.4.8"]

1. c4 {[%clk 1:30:57]} e6 {[%clk 1:21:46]} 2. Nf3 {[%clk 1:31:04]} Nf6
{[%clk 1:21:35]} 3. d4 {[%clk 1:30:55]} d5 {[%clk 1:20:56]} 4. Nc3
{[%clk 1:31:10]} c5 {[%clk 1:21:21]} 5. cxd5 {[%clk 1:23:42]} Nxd5
{[%clk 1:21:47]} 6. e3 {[%clk 1:20:51]} cxd4 {[%clk 1:21:29]} 7. exd4
{[%clk 1:19:50]} Nxc3 {[%clk 1:21:55]} 8. bxc3 {[%clk 1:20:11]} Qc7
{[%clk 1:22:23]} 9. Bd2 {[%clk 1:18:54]} Nd7 {[%clk 1:22:41]} 10. Bd3
{[%clk 1:19:03]} b6 {[%clk 1:22:51]} 11. Ng5 {[%clk 1:16:25]} Nf6
{[%clk 1:20:01]} 12. Qf3 {[%clk 1:10:38]} Rb8 {[%clk 1:19:36]} 13. O-O
{[%clk 1:01:58]} Bd6 {[%clk 1:16:44]} 14. Qh3 {[%clk 1:01:49]} Bf4
{[%clk 1:06:37]} 15. Bb5+ {[%clk 0:58:33]} Ke7 {[%clk 1:04:59]} 16. Bxf4
{[%clk 0:56:33]} Qxf4 {[%clk 1:05:25]} 17. c4 {[%clk 0:56:56]} Qxd4
{[%clk 0:49:07]} 18. Qg3 {[%clk 0:55:30]} Rb7 {[%clk 0:42:49]} 19. Bc6
{[%clk 0:55:33]} Rd8 {[%clk 0:37:21]} 20. Nxe6 {[%clk 0:46:59]} Bxe6
{[%clk 0:34:28]} 21. Bxb7 {[%clk 0:47:22]} Bxc4 {[%clk 0:33:40]} 22. Rfe1+
{[%clk 0:46:03]} Kf8 {[%clk 0:33:26]} 23. Qa3+ {[%clk 0:46:16]} Kg8
{[%clk 0:33:51]} 24. Bf3 {[%clk 0:46:13]} 1-0

[Event "17th International Chess Festival"]
[Site "Rochefort"]
[Date "2018.02.17"]
[Round "5.2"]
[White "Sumets, Andrey"]
[Black "Gascon Del Nogal, Jose Rafael"]
[Result "1-0"]
[BlackElo "2477"]
[WhiteElo "2569"]
[LiveChessVersion "1.4.8"]

1. d4 {[%clk 1:22:17]} Nf6 {[%clk 1:30:51]} 2. c4 {[%clk 1:22:25]} e6
{[%clk 1:30:52]} 3. Nf3 {[%clk 1:21:37]} d5 {[%clk 1:30:36]} 4. e3
{[%clk 1:20:09]} Be7 {[%clk 1:26:44]} 5. b3 {[%clk 1:20:12]} O-O {[%clk 1:22:54]}
6. Bb2 {[%clk 1:20:15]} c5 {[%clk 1:06:54]} 7. Nbd2 {[%clk 0:49:11]} cxd4
{[%clk 1:06:31]} 8. Nxd4 {[%clk 0:46:51]} e5 {[%clk 0:53:18]} 9. N4f3
{[%clk 0:46:51]} e4 {[%clk 0:52:20]} 10. Nd4 {[%clk 0:47:16]} Qa5
{[%clk 0:50:56]} 11. Qc2 {[%clk 0:43:12]} Bd7 {[%clk 0:43:10]} 12. Be2
{[%clk 0:35:27]} dxc4 {[%clk 0:31:13]} 13. O-O {[%clk 0:35:45]} Re8
{[%clk 0:25:28]} 14. Nxc4 {[%clk 0:33:16]} Qg5 {[%clk 0:25:24]} 15. f4
{[%clk 0:33:20]} exf3 {[%clk 0:23:12]} 16. Bxf3 {[%clk 0:33:39]} Nc6
{[%clk 0:23:22]} 17. Nxc6 {[%clk 0:33:44]} Bxc6 {[%clk 0:23:42]} 18. Bxc6
{[%clk 0:33:46]} bxc6 {[%clk 0:24:07]} 19. Rf5 {[%clk 0:28:21]} Qh6
{[%clk 0:24:33]} 20. Rf3 {[%clk 0:26:50]} Nd5 {[%clk 0:19:55]} 21. e4
{[%clk 0:13:23]} Nb6 {[%clk 0:17:57]} 22. Raf1 {[%clk 0:12:09]} f6
{[%clk 0:16:53]} 23. e5 {[%clk 0:10:35]} fxe5 {[%clk 0:01:25]} 24. Nxe5
{[%clk 0:10:23]} Qd6 {[%clk 0:00:32]} 25. Kh1 {[%clk 0:08:16]} Bf6
{[%clk 0:00:42]} 26. Nf7 {[%clk 0:06:01]} Qe6 {[%clk 0:00:31]} 27. Nh6+
{[%clk 0:05:54]} gxh6 {[%clk 0:00:42]} 28. Bxf6 {[%clk 0:04:21]} Qe2
{[%clk 0:01:05]} 29. Rg3+ {[%clk 0:04:13]} Kf7 {[%clk 0:01:26]} 30. Rg7+
{[%clk 0:03:46]} 1-0

[Event "17th International Chess Festival"]
[Site "Rochefort"]
[Date "2018.02.17"]
[Round "5.3"]
[White "Castellanos Rodrigue, Renier"]
[Black "Demchenko, Anton"]
[Result "1-0"]
[BlackElo "2671"]
[WhiteElo "2501"]
[LiveChessVersion "1.4.8"]

1. d4 {[%clk 1:30:57]} Nf6 {[%clk 1:27:54]} 2. c4 {[%clk 1:31:11]} g6
{[%clk 1:27:59]} 3. Nc3 {[%clk 1:31:33]} Bg7 {[%clk 1:28:25]} 4. e4
{[%clk 1:31:42]} d6 {[%clk 1:28:24]} 5. Nf3 {[%clk 1:31:58]} O-O {[%clk 1:28:49]}
6. Be2 {[%clk 1:32:22]} Nbd7 {[%clk 1:28:17]} 7. O-O {[%clk 1:32:18]} e5
{[%clk 1:28:44]} 8. Be3 {[%clk 1:32:25]} Re8 {[%clk 1:28:13]} 9. d5
{[%clk 1:32:07]} Nh5 {[%clk 1:28:21]} 10. g3 {[%clk 1:32:07]} Bf8
{[%clk 1:28:26]} 11. Ne1 {[%clk 1:28:41]} Ng7 {[%clk 1:28:44]} 12. Nd3
{[%clk 1:28:55]} f5 {[%clk 1:28:30]} 13. f3 {[%clk 1:29:00]} Be7 {[%clk 1:27:43]}
14. Qd2 {[%clk 1:29:17]} a5 {[%clk 1:24:57]} 15. Rae1 {[%clk 1:23:37]} b6
{[%clk 1:14:47]} 16. Bd1 {[%clk 1:21:32]} Ba6 {[%clk 0:58:46]} 17. b3
{[%clk 1:20:50]} Nf6 {[%clk 0:58:59]} 18. Nf2 {[%clk 1:17:37]} Nfh5
{[%clk 0:54:07]} 19. Nd3 {[%clk 1:09:22]} Bc8 {[%clk 0:50:15]} 20. Bh6
{[%clk 1:00:11]} f4 {[%clk 0:48:27]} 21. g4 {[%clk 0:51:20]} Nf6 {[%clk 0:47:58]}
22. Kh1 {[%clk 0:48:47]} Kh8 {[%clk 0:47:22]} 23. Bc2 {[%clk 0:47:54]} Ng8
{[%clk 0:46:54]} 24. Bxf4 {[%clk 0:40:50]} exf4 {[%clk 0:46:44]} 25. e5
{[%clk 0:40:04]} Bh4 {[%clk 0:44:15]} 26. Re4 {[%clk 0:35:13]} dxe5
{[%clk 0:43:12]} 27. Nxe5 {[%clk 0:35:30]} Qf6 {[%clk 0:41:08]} 28. Qd4
{[%clk 0:32:34]} Bb7 {[%clk 0:14:26]} 29. Ne2 {[%clk 0:27:49]} Rad8
{[%clk 0:13:44]} 30. Nxf4 {[%clk 0:27:03]} c6 {[%clk 0:11:14]} 31. Qe3
{[%clk 0:14:36]} Rf8 {[%clk 0:06:24]} 32. dxc6 {[%clk 0:07:53]} Bxc6
{[%clk 0:03:19]} 33. Nfxg6+ {[%clk 0:06:10]} hxg6 {[%clk 0:03:44]} 34. Rf4
{[%clk 0:06:32]} Nf5 {[%clk 0:01:27]} 35. gxf5 {[%clk 0:06:47]} g5
{[%clk 0:01:10]} 36. Ng6+ {[%clk 0:05:23]} Kg7 {[%clk 0:00:51]} 37. Nxf8
{[%clk 0:02:38]} Kxf8 {[%clk 0:00:47]} 38. Rg4 {[%clk 0:02:55]} Nh6
{[%clk 0:01:07]} 39. Rg2 {[%clk 0:03:15]} Nxf5 {[%clk 0:00:39]} 40. Qxb6
{[%clk 0:03:11]} Nd4 {[%clk 0:00:34]} 41. Be4 {[%clk 0:02:27]} Rd6
{[%clk 0:20:23]} 42. Bxc6 {[%clk 0:30:49]} Nxc6 {[%clk 0:17:55]} 43. Qc5
{[%clk 0:28:41]} Qe5 {[%clk 0:11:43]} 44. Qxe5 {[%clk 0:23:49]} Nxe5
{[%clk 0:12:12]} 45. Re2 {[%clk 0:15:59]} Nc6 {[%clk 0:10:34]} 46. Kg2
{[%clk 0:12:00]} Rd3 {[%clk 0:10:18]} 47. Kh3 {[%clk 0:10:12]} Nd4
{[%clk 0:07:57]} 48. Re5 {[%clk 0:09:46]} Nc2 {[%clk 0:07:43]} 49. Rxa5
{[%clk 0:08:02]} Ne3 {[%clk 0:07:38]} 50. Rc1 {[%clk 0:06:14]} Kf7
{[%clk 0:05:01]} 51. c5 {[%clk 0:06:22]} Nd5 {[%clk 0:05:24]} 52. c6
{[%clk 0:05:00]} Rxf3+ {[%clk 0:02:47]} 53. Kg2 {[%clk 0:04:36]} Rf2+
{[%clk 0:03:12]} 54. Kg1 {[%clk 0:04:03]} Ne7 {[%clk 0:00:56]} 55. c7
{[%clk 0:03:19]} Rd2 {[%clk 0:01:22]} 56. Rf5+ {[%clk 0:02:18]} Ke6
{[%clk 0:01:01]} 57. Rf8 {[%clk 0:02:34]} g4 {[%clk 0:00:34]} 58. Re8
{[%clk 0:02:31]} Bf2+ {[%clk 0:00:33]} 59. Kh1 {[%clk 0:02:30]} Kd5 1-0

[Event "17th International Chess Festival"]
[Site "Rochefort"]
[Date "2018.02.17"]
[Round "5.4"]
[White "Nikolov, Momchil"]
[Black "Miron, Lucian-Costin"]
[Result "1/2-1/2"]
[BlackElo "2489"]
[WhiteElo "2545"]
[LiveChessVersion "1.4.8"]

1. d4 {[%clk 1:30:58]} d5 {[%clk 1:26:56]} 2. c4 {[%clk 1:31:13]} c6
{[%clk 1:27:23]} 3. e3 {[%clk 1:30:17]} Bf5 {[%clk 1:23:42]} 4. cxd5
{[%clk 1:28:06]} cxd5 {[%clk 1:23:28]} 5. Qb3 {[%clk 1:28:09]} Qc7
{[%clk 1:11:52]} 6. Nc3 {[%clk 1:07:21]} e6 {[%clk 1:11:16]} 7. Nf3
{[%clk 1:05:58]} Nc6 {[%clk 1:06:21]} 8. Nh4 {[%clk 0:57:39]} Be4
{[%clk 1:03:53]} 9. f3 {[%clk 0:54:05]} Bg6 {[%clk 1:02:09]} 10. Bd2
{[%clk 0:49:28]} Be7 {[%clk 0:53:24]} 11. Nxg6 {[%clk 0:46:31]} hxg6
{[%clk 0:53:51]} 12. g3 {[%clk 0:46:04]} Nf6 {[%clk 0:52:29]} 13. Rc1
{[%clk 0:38:26]} Nd7 {[%clk 0:46:43]} 14. Bd3 {[%clk 0:27:25]} a6
{[%clk 0:40:48]} 15. Ne2 {[%clk 0:26:05]} Qb6 {[%clk 0:34:48]} 16. Qxb6
{[%clk 0:22:44]} Nxb6 {[%clk 0:35:07]} 17. a3 {[%clk 0:18:11]} Kd7
{[%clk 0:29:38]} 18. Kf2 {[%clk 0:17:45]} Rac8 {[%clk 0:20:22]} 19. h4
{[%clk 0:17:45]} Na7 {[%clk 0:15:42]} 20. e4 {[%clk 0:12:31]} Nb5
{[%clk 0:11:36]} 21. Rxc8 {[%clk 0:11:24]} Rxc8 {[%clk 0:11:28]} 22. Rc1
{[%clk 0:11:37]} Nc4 {[%clk 0:07:04]} 23. Bxc4 {[%clk 0:11:24]} Rxc4
{[%clk 0:05:05]} 24. Rxc4 {[%clk 0:11:07]} dxc4 {[%clk 0:05:32]} 25. Ke3
{[%clk 0:09:56]} Na7 {[%clk 0:04:16]} 26. Bc3 {[%clk 0:09:05]} b5
{[%clk 0:02:14]} 27. d5 {[%clk 0:07:56]} f6 {[%clk 0:01:18]} 28. dxe6+
{[%clk 0:05:22]} Kxe6 {[%clk 0:01:47]} 29. Nf4+ {[%clk 0:05:38]} Kf7
{[%clk 0:01:41]} 30. Kd4 {[%clk 0:05:48]} Nc8 {[%clk 0:00:50]} 31. Nd5
{[%clk 0:03:43]} Bd6 {[%clk 0:00:38]} 32. f4 {[%clk 0:03:24]} Na7
{[%clk 0:00:38]} 33. e5 {[%clk 0:02:09]} Nc6+ {[%clk 0:00:47]} 34. Ke4
{[%clk 0:02:37]} f5+ {[%clk 0:00:43]} 35. Kf3 {[%clk 0:02:56]} Bb8
{[%clk 0:00:44]} 36. Nb4 {[%clk 0:01:12]} 1/2-1/2

[Event "17th International Chess Festival"]
[Site "Rochefort"]
[Date "2018.02.17"]
[Round "5.5"]
[White "Kulkarni, Rakesh"]
[Black "Ikonnikov, Vyacheslav"]
[Result "0-1"]
[BlackElo "2532"]
[WhiteElo "2332"]
[LiveChessVersion "1.4.8"]

1. e4 {[%clk 1:25:07]} c5 {[%clk 1:29:49]} 2. c3 {[%clk 1:25:30]} d6
{[%clk 1:29:50]} 3. d4 {[%clk 1:25:55]} Nf6 {[%clk 1:29:59]} 4. Bd3
{[%clk 1:26:20]} g6 {[%clk 1:30:00]} 5. Nf3 {[%clk 1:26:45]} Bg7 {[%clk 1:29:59]}
6. O-O {[%clk 1:27:06]} O-O {[%clk 1:30:03]} 7. h3 {[%clk 1:26:34]} Nfd7
{[%clk 1:28:48]} 8. Be3 {[%clk 1:23:37]} Nc6 {[%clk 1:28:10]} 9. Na3
{[%clk 1:14:09]} Rb8 {[%clk 1:16:33]} 10. Qe2 {[%clk 1:06:55]} a6
{[%clk 1:16:03]} 11. Rad1 {[%clk 1:07:15]} b5 {[%clk 1:10:39]} 12. Bb1
{[%clk 1:05:59]} Qc7 {[%clk 1:07:51]} 13. d5 {[%clk 0:57:30]} Nce5
{[%clk 1:04:07]} 14. Nh2 {[%clk 0:53:22]} b4 {[%clk 0:59:22]} 15. cxb4
{[%clk 0:52:05]} cxb4 {[%clk 0:59:47]} 16. Rc1 {[%clk 0:44:54]} Nc5
{[%clk 0:55:23]} 17. Nc4 {[%clk 0:43:46]} Nxc4 {[%clk 0:53:35]} 18. Bxc5
{[%clk 0:39:57]} Qxc5 {[%clk 0:44:06]} 19. Rxc4 {[%clk 0:39:22]} Qa5
{[%clk 0:44:29]} 20. Qd2 {[%clk 0:37:48]} Bd7 {[%clk 0:35:14]} 21. Rfc1
{[%clk 0:37:39]} Rfc8 {[%clk 0:27:01]} 22. a3 {[%clk 0:32:04]} Rxc4
{[%clk 0:17:08]} 23. Rxc4 {[%clk 0:29:38]} Rb5 {[%clk 0:17:34]} 24. axb4
{[%clk 0:23:47]} Qa1 {[%clk 0:17:57]} 25. Qc2 {[%clk 0:24:01]} Bxb2
{[%clk 0:16:41]} 26. Nf3 {[%clk 0:16:59]} Rb8 {[%clk 0:13:43]} 27. Rc7
{[%clk 0:06:24]} Ba4 {[%clk 0:13:58]} 28. Qd3 {[%clk 0:06:52]} Rxb4
{[%clk 0:13:55]} 29. Kh2 {[%clk 0:06:36]} Be5+ {[%clk 0:10:40]} 30. Nxe5
{[%clk 0:06:54]} Qxe5+ {[%clk 0:10:55]} 31. g3 {[%clk 0:07:19]} Bb5
{[%clk 0:06:11]} 32. Qd1 {[%clk 0:06:33]} Qa1 {[%clk 0:05:49]} 33. Rc1
{[%clk 0:06:07]} Qb2 {[%clk 0:05:24]} 34. Qe1 {[%clk 0:06:01]} Kg7
{[%clk 0:05:08]} 35. Kg2 {[%clk 0:05:54]} a5 {[%clk 0:04:41]} 36. h4
{[%clk 0:06:22]} h5 {[%clk 0:04:56]} 37. g4 {[%clk 0:06:17]} hxg4
{[%clk 0:04:51]} 38. h5 {[%clk 0:06:43]} gxh5 {[%clk 0:04:19]} 39. Rc3
{[%clk 0:05:43]} Qxb1 {[%clk 0:04:14]} 40. Qd2 {[%clk 0:06:09]} Qxe4+
{[%clk 0:04:16]} 0-1

[Event "17th International Chess Festival"]
[Site "Rochefort"]
[Date "2018.02.17"]
[Round "6.1"]
[White "Dimitrov, Radoslav"]
[Black "Martinez Duany, Lelys Stanley"]
[Result "1/2-1/2"]
[BlackElo "2509"]
[WhiteElo "2478"]
[LiveChessVersion "1.4.8"]

1. e4 {[%clk 1:17:32]} e5 {[%clk 1:30:19]} 2. Nc3 {[%clk 1:17:54]} Nc6
{[%clk 1:29:11]} 3. Nf3 {[%clk 1:18:14]} g6 {[%clk 1:28:11]} 4. d4
{[%clk 1:15:51]} exd4 {[%clk 1:28:29]} 5. Nd5 {[%clk 1:14:55]} Bg7
{[%clk 1:27:42]} 6. Bg5 {[%clk 1:14:39]} Nce7 {[%clk 1:26:45]} 7. Nxd4
{[%clk 1:12:41]} c6 {[%clk 1:25:24]} 8. Nc3 {[%clk 1:10:59]} d6 {[%clk 1:25:23]}
9. Be2 {[%clk 1:10:50]} Nf6 {[%clk 1:25:07]} 10. O-O {[%clk 1:10:44]} h6
{[%clk 1:21:29]} 11. Bh4 O-O 12. f4 Qb6 1/2-1/2

[Event "17th International Chess Festival"]
[Site "Rochefort"]
[Date "2018.02.17"]
[Round "6.2"]
[White "Enchev, Ivajlo"]
[Black "Sumets, Andrey"]
[Result "0-1"]
[BlackElo "2569"]
[WhiteElo "2492"]
[LiveChessVersion "1.4.8"]

1. d4 {[%clk 1:30:56]} d5 {[%clk 1:19:36]} 2. c4 {[%clk 1:31:07]} c6
{[%clk 1:20:04]} 3. Nc3 {[%clk 1:30:58]} Nf6 {[%clk 1:20:29]} 4. cxd5
{[%clk 1:31:12]} cxd5 {[%clk 1:20:55]} 5. Bf4 {[%clk 1:31:35]} Nc6
{[%clk 1:21:21]} 6. e3 {[%clk 1:31:49]} Bf5 {[%clk 1:21:46]} 7. Nf3
{[%clk 1:31:00]} e6 {[%clk 1:22:08]} 8. Bd3 {[%clk 1:31:26]} Bxd3
{[%clk 1:22:36]} 9. Qxd3 {[%clk 1:31:50]} Bd6 {[%clk 1:23:05]} 10. Bxd6
{[%clk 1:32:13]} Qxd6 {[%clk 1:23:33]} 11. O-O {[%clk 1:32:36]} O-O
{[%clk 1:24:01]} 12. Rac1 {[%clk 1:33:00]} Rac8 {[%clk 1:24:29]} 0-1

[Event "17th International Chess Festival"]
[Site "Rochefort"]
[Date "2018.02.17"]
[Round "6.3"]
[White "Ikonnikov, Vyacheslav"]
[Black "Castellanos Rodrigue, Renier"]
[Result "1/2-1/2"]
[BlackElo "2501"]
[WhiteElo "2532"]
[LiveChessVersion "1.4.8"]

1. d4 {[%clk 1:30:55]} Nf6 {[%clk 1:30:45]} 2. Nf3 {[%clk 1:31:09]} e6
{[%clk 1:30:45]} 3. c4 {[%clk 1:31:22]} b6 {[%clk 1:30:47]} 4. g3
{[%clk 1:31:24]} c6 {[%clk 1:30:55]} 5. Bg2 {[%clk 1:30:09]} Be7 {[%clk 1:30:21]}
6. O-O {[%clk 1:27:21]} d5 {[%clk 1:28:41]} 7. Ne5 {[%clk 1:22:45]} O-O
{[%clk 1:26:57]} 8. Nc3 {[%clk 1:21:18]} Bb7 {[%clk 1:20:35]} 9. Bf4
{[%clk 1:08:19]} Nh5 {[%clk 1:20:02]} 10. cxd5 {[%clk 0:58:40]} cxd5
{[%clk 1:19:26]} 11. Bd2 {[%clk 0:55:07]} Nf6 {[%clk 1:18:44]} 12. Qa4
{[%clk 0:51:48]} Nfd7 {[%clk 1:15:18]} 13. Nxd7 {[%clk 0:40:04]} Nxd7
{[%clk 1:13:28]} 14. Bf4 {[%clk 0:34:15]} a6 {[%clk 1:11:41]} 15. Qb3
{[%clk 0:33:55]} Rc8 {[%clk 1:09:21]} 16. Rfc1 {[%clk 0:31:13]} 1/2-1/2